header

Prosper or perish (Record no. 109720)

MARC details
000 -LEADER
fixed length control field 01362nam a2200349Ia 4500
082 04 - DEWEY DECIMAL CLASSIFICATION NUMBER
Classification number 332.7/10951
100 1# - MAIN ENTRY--AUTHOR NAME
Personal name Ong, Lynette H.
245 10 - TITLE STATEMENT
Title Prosper or perish
260 ## - PUBLICATION, DISTRIBUTION, ETC. (IMPRINT)
Place of publication Ithaca :
Name of publisher Cornell University Press,
Year of publication 2012.
300 ## - PHYSICAL DESCRIPTION
Number of Pages xviii, 212 p. :
Other physical details ill.
650 #0 - SUBJECT ADDED ENTRY--TOPICAL TERM
Topical Term Rural credit
Topical Term Rural development
Topical Term Banks and banking, Cooperative
Topical Term Local finance
Topical Term Central-local government relations
856 40 - ELECTRONIC LOCATION AND ACCESS
Uniform Resource Identifier http://site.ebrary.com/lib/rucke/Doc?id=10597734

No items available.

© 2026 Rongo University
Contact us: librarian | system librarian | Rongo university